|
|
|
|
| LEADER |
01739nam a2200445 i 4500 |
| 001 |
001750141 |
| 003 |
CZ BrMZK |
| 005 |
20200715152924.0 |
| 006 |
m q d |
| 007 |
co cg |
| 008 |
200522t20202020xr a e p 000 0 cze |
| 020 |
|
|
|a 978-80-7560-289-3
|q (CDR)
|
| 040 |
|
|
|a BOA001
|b cze
|e rda
|
| 072 |
|
7 |
|a 519.1/.8
|x Kombinatorika. Teorie grafů. Matematická statistika. Operační výzkum. Matematické modelování
|2 Konspekt
|9 13
|
| 072 |
|
7 |
|a 37.016
|x Učební osnovy. Vyučovací předměty. Učebnice
|2 Konspekt
|9 22
|
| 080 |
|
|
|a 519.852
|2 MRF
|
| 080 |
|
|
|a (075.8)
|2 MRF
|
| 080 |
|
|
|a (0.034.44)
|2 MRF
|
| 100 |
1 |
|
|a Linda, Bohdan
|7 jn20001005135
|4 aut
|
| 245 |
1 |
0 |
|a Lineární programování /
|c Bohdan Linda, Josef Volek
|
| 250 |
|
|
|a Vydání sedmé
|
| 264 |
|
1 |
|a Pardubice :
|b Univerzita Pardubice,
|c [2020]
|
| 264 |
|
4 |
|c ©2020
|
| 300 |
|
|
|a 1 CD-ROM (140 stran) :
|b ilustrace ;
|c 12 cm
|
| 336 |
|
|
|a text
|b txt
|2 rdacontent
|
| 337 |
|
|
|a počítač
|b c
|2 rdamedia
|
| 338 |
|
|
|a počítačový disk
|b cd
|2 rdacarrier
|
| 347 |
|
|
|a textový soubor
|b PDF
|2 rda
|
| 500 |
|
|
|a Název z titulní obrazovky
|
| 500 |
|
|
|a Nad názvem: Univerzita Pardubice, Fakulta ekonomicko-správní
|
| 504 |
|
|
|a Obsahuje bibliografii
|
| 650 |
0 |
7 |
|a lineární programování
|7 ph122356
|2 czenas
|
| 655 |
|
7 |
|a učebnice vysokých škol
|7 fd133772
|2 czenas
|
| 655 |
|
7 |
|a CD-ROM
|7 fd133955
|2 czenas
|
| 700 |
1 |
|
|a Volek, Josef,
|d 1948-
|7 ola2002142341
|4 aut
|
| 710 |
2 |
|
|a Univerzita Pardubice.
|b Ekonomicko-správní fakulta
|7 kn20010709381
|4 isb
|
| 910 |
|
|
|a BOA001
|b CDR-1446.913
|
| 990 |
|
|
|a BK
|
| 991 |
|
|
|b 202007
|c NOV
|
| 996 |
3 |
|
|b 2610825150
|c CDR-1446.913
|l Stud. periodik/2.patro
|r Sklad / do 1 hodiny
|n 0
|p p.v.
|w 001802914
|u 000010
|a 1
|e BOA001
|j MZK50
|s N
|